000 00240nam a2200097Ia 4500
001 734460
005 20250826163834.0
008 250824s9999 xx 000 0 und d
245 0 _aBEYNİNİ ETKİN KULLAN
_cFERİT DELEN
260 _bYEDİVEREN
999 _c734460
_d734460